Glosari istilah : (Record no. 47654)

MARC details
000 -LEADER
fixed length control field 00800nam a2200265 i 4500
001 - CONTROL NUMBER
control field C2-0155030
003 - CONTROL NUMBER IDENTIFIER
control field PPAK
005 - DATE AND TIME OF LATEST TRANSACTION
control field 20180727132121.0
008 - FIXED-LENGTH DATA ELEMENTS--GENERAL INFORMATION
fixed length control field 980330s1996 my |||| ||||| | may d
020 ## - INTERNATIONAL STANDARD BOOK NUMBER
International Standard Book Number 9839184202
040 ## - CATALOGING SOURCE
Original cataloging agency PPAK
Language of cataloging eng
Transcribing agency PPAK
Description conventions rda
082 04 - DEWEY DECIMAL CLASSIFICATION NUMBER
Classification number 418.927
Edition number 23
090 00 - LOCALLY ASSIGNED LC-TYPE CALL NUMBER (OCLC); LOCAL CALL NUMBER (RLIN)
Classification number (OCLC) (R) ; Classification number, CALL (RLIN) (NR) 418.927
Feature heading SYE
Feature heading G
Classification number (OCLC) (R) ; Classification number, CALL (RLIN) (NR) 418.927
Feature heading SYE
Feature heading R
100 0# - MAIN ENTRY--PERSONAL NAME
Personal name Syed Nurul Akla Syed Abdullah,
Relator term author
245 10 - TITLE STATEMENT
Title Glosari istilah :
Remainder of title ayat Al-Quran, ungkapan hadis, kata-kata hikmah
264 #1 - PRODUCTION, PUBLICATION, DISTRIBUTION, MANUFACTURE, AND COPYRIGHT NOTICE
Place of production, publication, distribution, manufacture Kuala Lumpur :
Name of producer, publisher, distributor, manufacturer Institut Perkembangan Minda (INMIND) ,
Date of production, publication, distribution, manufacture, or copyright notice 1996
300 ## - PHYSICAL DESCRIPTION
Extent xii, 95 pages ;
Dimensions 21 cm
336 ## - CONTENT TYPE
Source rdacontent
Content type term text
337 ## - MEDIA TYPE
Source rdamedia
Media type term unmediated
338 ## - CARRIER TYPE
Source rdacarrier
Carrier type term volume
650 10 - SUBJECT ADDED ENTRY--TOPICAL TERM
Topical term or geographic name entry element Al-Quran - Glossaries, vocabularies, etc.
700 ## - ADDED ENTRY--PERSONAL NAME
Relator term author
942 ## - ADDED ENTRY ELEMENTS (KOHA)
-- dc
Koha item type Book
Holdings
Withdrawn Not for loan Current library Shelving location Date acquired Full call number Barcode Date last seen Koha item type
  Not For Loan Perpustakaan Awam Sungai Petani Rujukan Dewasa 30/03/1998 R 418.927 SYE A00099677 08/05/2018 Book
  Not For Loan Perpustakaan Jitra Rujukan Dewasa 30/03/1998 R 418.927 SYE A00099679 08/05/2018 Book
  Not For Loan Perpustakaan Kulim Rujukan Dewasa 30/03/1998 R 418.927 SYE A00099683 08/05/2018 Book
  Not For Loan Perpustakaan Kulim Rujukan Dewasa 30/03/1998 R 418.927 SYE A00099684 08/05/2018 Book
    Bergerak 3, Baling Pinjaman Dewasa 30/03/1998 418.927 SYE A00099689 08/05/2018 Book